000 00482nam a2200181Ia 4500
008 230711s9999||||xx |||||||||||||| ||und||
020 _a978-81-265-3409-8
041 _aENG
082 _a621.38275
_bMI-F
100 _aMishra,Vivekanand
245 0 _aFiber-Optic Communication : Systems and Components
250 _a1st Ed.
260 _c2017
_aNew Delhi
_bWiley India Pvt.Ltd
300 _a378p.
650 _aElectronics Engineering
700 _aUgale,Sunita P
942 _cBK
999 _c6603
_d6603